[Event "Saint-Lô Open-1400 Pro Evolution Echecs"]
[Site "?"]
[Date "2014.07.09"]
[Round "6.1"]
[White "Cebron, Asja"]
[Black "Pontis, Stanislav"]
[Result "0-1"]
[WhiteElo "1379"]
[BlackElo "1099"]
[PlyCount "56"]
[EventDate "2014.07.17"]
[SourceDate "2014.07.07"]

1. e4 e5 2. Nf3 d5 3. exd5 e4 4. Ne5 Qxd5 5. Nc4 Bc5 6. Ne3 Bxe3 7. dxe3 Qxd1+
8. Kxd1 Nf6 9. h3 O-O 10. Bc4 Nc6 11. Nc3 Ne5 12. Bb3 Bd7 13. Ke2 c5 14. a3 c4
15. Ba2 Rac8 16. Rd1 h6 17. Kf1 Rfd8 18. Ne2 Be6 19. Rxd8+ Rxd8 20. Nd4 Bc8 21.
Bd2 b6 22. Rd1 c3 23. Bxc3 Ba6+ 24. Kg1 Rc8 25. Bb3 Nc4 26. Bxc4 Rxc4 27. Rd2
Nd7 28. Nb3 Nc5 {illisible} 0-1

[Event "Saint-Lô Open-1400 Pro Evolution Echecs"]
[Site "?"]
[Date "2014.07.09"]
[Round "6.3"]
[White "Ferey, Antonin"]
[Black "Hoffer, Jill"]
[Result "0-1"]
[WhiteElo "1200"]
[BlackElo "1387"]
[PlyCount "174"]
[EventDate "2014.07.17"]
[SourceDate "2014.07.07"]

1. d4 e6 2. Nf3 d5 3. c4 Nc6 4. Nc3 Nf6 5. e3 Bd7 6. Be2 Be7 7. O-O O-O 8. b3
Re8 9. Re1 Bb4 10. Bd2 e5 11. cxd5 Bxc3 12. Bxc3 Nxd5 13. Bb2 e4 14. Ne5 Bf5
15. Bb5 Qd6 16. Qc2 Ndb4 17. Qc3 a6 18. Bc4 Re7 19. Nxc6 bxc6 20. d5 Qf6 21.
Qxb4 Qd6 22. Qc3 Qg6 23. dxc6 Rd8 24. Rad1 Rxd1 25. Rxd1 h6 26. Rd7 Bxd7 27.
cxd7 Rxd7 28. g3 Rd1+ 29. Kg2 Rd6 30. Qe5 Qg4 31. Qf4 Qxf4 32. gxf4 Rd2 33. Bd4
Rxa2 34. Bd5 Ra3 35. Bxe4 Rxb3 36. Kf1 a5 37. Ke2 a4 38. Bc2 Rb4 39. Kd2 a3 40.
Bc3 a2 41. Bxb4 a1=Q 42. f3 Qh1 43. Bd3 Qxh2+ 44. Be2 f6 45. Ba5 c5 46. Bc3 c4
47. Kd1 h5 48. Bxc4+ Kh8 49. Be1 Qg1 50. Ke2 Qh2+ 51. Bf2 h4 52. Be6 h3 53.
Bxh3 Qxh3 54. e4 Qh2 55. Ke3 Kg8 56. Be1 Kf7 57. Bc3 Qc2 58. Bd4 Qb3+ 59. Ke2
g5 60. fxg5 fxg5 61. Be3 Qc4+ 62. Kf2 g4 63. fxg4 Qxe4 64. g5 Kg6 65. Ke2 Qc2+
66. Kf3 Kh5 67. Kf4 Qg6 68. Kg3 Qd3 69. Kf2 Kg4 70. Bc1 Qc2+ 71. Ke3 Qxc1+ 72.
Kd4 Kxg5 73. Kd5 Qe1 74. Kd4 Qe2 75. Kd5 Qe3 76. Kc4 Qd2 77. Kc5 Qd3 78. Kc6
Qd4 79. Kb5 Qc3 80. Kb6 Qc4 81. Kb7 Qc5 82. Ka8 Qb4 83. Ka7 Kf6 84. Ka8 Ke6 85.
Ka7 Kd7 86. Ka8 Kc7 87. Ka7 Qb7# 0-1

[Event "Saint-Lô Open-1400 Pro Evolution Echecs"]
[Site "?"]
[Date "2014.07.09"]
[Round "6.4"]
[White "Lacatus, Gabriel"]
[Black "Debord, Nino"]
[Result "0-1"]
[WhiteElo "1340"]
[BlackElo "1190"]
[PlyCount "84"]
[EventDate "2014.07.17"]
[SourceDate "2014.07.07"]

1. e4 e5 2. Nf3 Nc6 3. Nc3 Nf6 4. Be2 Bc5 5. O-O d5 6. exd5 Nxd5 7. Nxd5 Qxd5
8. c4 Qd6 9. d3 O-O 10. Be3 f5 11. Bxc5 Qxc5 12. Qc2 Nd4 13. Nxd4 Qxd4 14. Bf3
Rd8 15. Rad1 Bd7 16. Rfe1 Rab8 17. Bd5+ Kf8 18. Qe2 Re8 19. Qh5 Ke7 20. Qe2 Kd6
21. b4 b6 22. Qe3 Qxe3 23. fxe3 b5 24. Bf3 g5 25. c5+ Ke6 26. d4 e4 27. d5+ Kf6
28. Be2 c6 29. dxc6 Bxc6 30. Rd6+ Re6 31. Rxe6+ Kxe6 32. Rd1 Bd5 33. Rc1 Bxa2
34. Ra1 Bc4 35. Bxc4+ bxc4 36. Rxa7 Rxb4 37. Rxh7 c3 38. Ra7 c2 39. Ra6+ Kd7
40. Ra8 c1=Q+ 41. Kf2 Rb2+ 42. Kg3 Qxe3# 0-1

[Event "Saint-Lô Open-1400 Pro Evolution Echecs"]
[Site "?"]
[Date "2014.07.09"]
[Round "6.5"]
[White "Martinez Martinez, Mateo"]
[Black "Ben Franj, Hamza"]
[Result "0-1"]
[WhiteElo "1300"]
[BlackElo "1180"]
[PlyCount "75"]
[EventDate "2014.07.17"]
[SourceDate "2014.07.07"]

1. d4 d6 2. e3 Nf6 3. f4 Nbd7 4. Nf3 e6 5. Bd3 Be7 6. O-O O-O 7. Qe1 b6 8. Nc3
Bb7 9. b3 c6 10. Bb2 Qc7 11. a4 Rac8 12. Ne2 Nd5 13. Ng3 c5 14. Rf2 Bf6 15. Rc1
Rfe8 16. c4 Ne7 17. Rfc2 Nc6 18. dxc5 dxc5 19. Ba3 e5 20. Qd2 e4 21. Bxe4 Bh4
22. Bxc6 Bxc6 23. Nf5 Be7 24. Qc3 Bf6 25. Qd3 Be4 26. Qd1 Bxf5 27. Re2 g6 28.
Nh4 Bxh4 29. Bb2 Rcd8 30. Qd2 Bf6 31. Bxf6 Nxf6 32. Qc3 Ne4 33. Qe1 Nf6 34. Qh4
Nh5 35. g4 Bxg4 36. Qxg4 Nf6 37. Qh4 Nh5 38. Rg2 {illisible} 0-1

[Event "Saint-Lô Open-1400 Pro Evolution Echecs"]
[Site "?"]
[Date "2014.07.10"]
[Round "7.1"]
[White "Gallagher, Matthew"]
[Black "Pontis, Stanislav"]
[Result "1-0"]
[WhiteElo "1357"]
[BlackElo "1099"]
[PlyCount "129"]
[SourceDate "2014.07.07"]

1. c4 c5 2. g3 g6 3. Nc3 Bg7 4. Bg2 Nf6 5. d3 O-O 6. Be3 d6 7. Nf3 Bg4 8. O-O
Na6 9. h3 Bf5 10. Nh4 Bc8 11. Qc1 e6 12. Bh6 d5 13. Bxg7 Kxg7 14. b3 Rb8 15.
Qg5 d4 16. Ne4 Nxe4 17. Qxd8 Rxd8 18. Bxe4 e5 19. Bg2 Bd7 20. Nf3 Re8 21. Nd2
Nb4 22. a3 Nc6 23. Rab1 a5 24. Ne4 b6 25. Nd2 a4 26. bxa4 Na5 27. Rb2 Bxa4 28.
Rfb1 Re6 29. Bd5 Rd6 30. Ne4 Rd7 31. Rxb6 Rxb6 32. Rxb6 Bd1 33. Kf1 Nb3 34. Rb7
Rxb7 35. Bxb7 f5 36. Nd6 Nc1 37. Ke1 Ba4 38. Ba6 Na2 39. Bb5 Nc3 40. Bxa4 Nxa4
41. Kd2 Kf6 42. e3 Ke6 43. Nb5 Nb6 44. Kc2 Kd7 45. Kb3 Kc6 46. a4 Kb7 47. a5
Nd7 48. Ka4 Nb8 49. Nd6+ Kc6 50. Ne8 e4 51. dxe4 d3 52. Kb3 fxe4 53. Nf6 Na6
54. Nxe4 Nb4 55. Kc3 Kd7 56. Nxc5+ Kd6 57. Nxd3 Nc6 58. Nb4 Nxa5 59. f4 Kc5 60.
Nd3+ Kd6 61. Kb4 Nc6+ 62. Kb5 Ne7 63. e4 Nc6 64. c5+ Kc7 65. Nb4 1-0

[Event "Saint-Lô Open-1400 Pro Evolution Echecs"]
[Site "?"]
[Date "2014.07.10"]
[Round "7.2"]
[White "Hofer, Jil"]
[Black "Lamy, Robin"]
[Result "0-1"]
[WhiteElo "1387"]
[BlackElo "1190"]
[PlyCount "146"]
[SourceDate "2014.07.07"]

1. d4 d5 2. c4 c6 3. Nc3 Nf6 4. Nf3 e6 5. a3 h6 6. Bf4 Bd6 7. Bxd6 Qxd6 8. e3
Ne4 9. Nxe4 dxe4 10. Ne5 O-O 11. c5 Qe7 12. Bc4 Nd7 13. O-O Rd8 14. Qc2 Nxe5
15. dxe5 b5 16. cxb6 axb6 17. Qxe4 Ra4 18. b3 Ra7 19. Qxc6 Rb7 20. Ba6 Rb8 21.
Bxc8 Rdxc8 22. Qb5 Rc5 23. Qa6 Ra5 24. Qe2 Rxa3 25. Rxa3 Qxa3 26. Qb5 Qa5 27.
Qxa5 bxa5 28. Ra1 Rxb3 29. g4 Rb5 30. f4 g5 31. Kg2 Kg7 32. Kg3 Kg6 33. h4 Rb3
34. h5+ Kg7 35. Kf3 Rb5 36. f5 exf5 37. gxf5 Rxe5 38. e4 Kf8 39. Re1 a4 40. Ra1
Ra5 41. f6 Ke8 42. Kg4 Kd7 43. e5 Ke6 44. Kf3 Kxe5 45. Kg4 Kd4 46. Kf3 Kc3 47.
Ke2 Kb2 48. Rf1 a3 49. Ke3 a2 50. Ke4 a1=Q 51. Rxa1 Rxa1 52. Kf5 Ra4 53. Ke5 g4
54. Kf5 g3 55. Ke5 g2 56. Kf5 g1=Q 57. Ke5 Ra5+ 58. Kd6 Qb6+ 59. Ke7 Rxh5 60.
Kxf7 Rc5 61. Kg7 Rc7+ 62. f7 Qd4+ 63. Kg8 Qf6 64. f8=Q Qxf8+ 65. Kxf8 Kc3 66.
Ke8 Kd4 67. Kd8 Ra7 68. Kc8 Kd5 69. Kb8 Rh7 70. Kc8 Kd6 71. Kb8 Kc6 72. Ka8 Kb6
73. Kb8 Rh8# 0-1

[Event "Saint-Lô Open-1400 Pro Evolution Echecs"]
[Site "?"]
[Date "2014.07.10"]
[Round "7.3"]
[White "Debord, Nino"]
[Black "Cebron, Asja"]
[Result "0-1"]
[WhiteElo "1190"]
[BlackElo "1379"]
[PlyCount "39"]
[SourceDate "2014.07.07"]

1. Nf3 c5 2. e4 d6 3. Bc4 g6 4. d3 Bg7 5. Be3 Bxb2 6. Ng5 e6 7. c3 Bxa1 8. d4
Nc6 9. Qf3 Qf6 10. Qg3 cxd4 11. Bd2 d5 12. Bb5 Bd7 13. O-O a6 14. Bxc6 Bxc6 15.
Qc7 Qe7 16. Qg3 Nf6 17. e5 Ne4 18. Nxe4 dxe4 19. Bg5 Qd7 20. Rd1 {
0-1 un peu plus tard} 0-1

[Event "Saint-Lô Open-1400 Pro Evolution Echecs"]
[Site "?"]
[Date "2014.07.10"]
[Round "7.4"]
[White "Ben Fraj, Hamza"]
[Black "Gherghinoiu, Lucas"]
[Result "1/2-1/2"]
[WhiteElo "1180"]
[BlackElo "1230"]
[PlyCount "149"]
[SourceDate "2014.07.07"]

1. e4 d6 2. d4 Nd7 3. f4 c5 4. Be3 cxd4 5. Bxd4 Ngf6 6. Bxf6 Nxf6 7. e5 Qa5+ 8.
Qd2 Qxd2+ 9. Nxd2 dxe5 10. fxe5 Nd7 11. Ngf3 f6 12. exf6 Nxf6 13. Bb5+ Bd7 14.
Bxd7+ Nxd7 15. O-O g6 16. Nd4 Bg7 17. c3 Rf8 18. Rxf8+ Nxf8 19. Re1 Rd8 20.
N2b3 Kf7 21. Rf1+ Kg8 22. a3 e5 23. Ne2 b6 24. Ng3 a5 25. Nc1 Rd2 26. Rf2 Rd1+
27. Rf1 Rd8 28. Na2 h5 29. b4 h4 30. Ne4 Ne6 31. Nf6+ Bxf6 32. Rxf6 Nf8 33. Rf1
Kg7 34. bxa5 bxa5 35. c4 Rc8 36. Rc1 Nd7 37. Kf2 Nc5 38. Ke3 Kf6 39. Rf1+ Ke6
40. g3 hxg3 41. hxg3 Nb3 42. Nc1 Nd4 43. Kd3 Nf5 44. g4 Nd6 45. g5 e4+ 46. Kd4
Rxc4+ 47. Ke3 Nf5+ 48. Kd2 Ke5 49. Ne2 Ra4 50. Ra1 Nd4 51. Nxd4 Kxd4 52. Ke2
Rc4 53. Rd1+ Ke5 54. Rb1 Kf4 55. Rb5 Rc2+ 56. Kd1 Rg2 57. Rxa5 e3 58. Ra6 Rxg5
59. Rf6+ Ke4 60. Ke2 Rg2+ 61. Ke1 Ra2 62. Rxg6 Rxa3 63. Rg8 Kd5 64. Re8 Kd4 65.
Ke2 Ra2+ 66. Kf3 Ra3 67. Rd8+ Kc5 68. Rd1 Rc3 69. Rd8 Kc4 70. Ke2 Rc2+ 71. Kxe3
Kc3 72. Ke4 Kb3 73. Rd3+ Rc3 74. Kd4 Rxd3+ 75. Kxd3 1/2-1/2

[Event "Saint-Lô Open-1400 Pro Evolution Echecs"]
[Site "?"]
[Date "2014.07.10"]
[Round "7.5"]
[White "Zinzen, Mathieu"]
[Black "Guerlach, Elie"]
[Result "1/2-1/2"]
[WhiteElo "1210"]
[BlackElo "1070"]
[PlyCount "105"]
[SourceDate "2014.07.07"]

1. e4 e5 2. Nf3 Nc6 3. Nc3 g6 4. Bb5 Nge7 5. O-O Bg7 6. d3 a6 7. Ba4 O-O 8. Bg5
Qe8 9. Qd2 b5 10. Bb3 Nd4 11. Nxd4 exd4 12. Ne2 Kh8 13. Bh6 Ng8 14. Bxg7+ Kxg7
15. Nxd4 c5 16. Bd5 Rb8 17. Nf3 f5 18. Bxg8 Kxg8 19. Rfe1 Qf7 20. exf5 Qxf5 21.
Qg5 Qxg5 22. Nxg5 Rf5 23. Nf3 Bb7 24. Re3 Rbf8 25. Rae1 Bxf3 26. Rxf3 Rxf3 27.
gxf3 Rxf3 28. Re8+ Kf7 29. Ra8 Rf6 30. Rd8 Rd6 31. Rc8 Rc6 32. Rxc6 dxc6 33.
Kg2 Ke6 34. Kf3 Kf5 35. h3 g5 36. Ke3 h5 37. Kf3 h4 38. b3 a5 39. c4 b4 40. Ke2
Kf4 41. Kf1 g4 42. hxg4 Kxg4 43. Kg2 h3+ 44. Kh2 Kf3 45. Kxh3 Kxf2 46. Kg4 Ke3
47. Kf5 Kxd3 48. Ke5 a4 49. bxa4 Kxc4 50. Kd6 b3 51. axb3+ Kxb3 52. Kxc5 Kxa4
53. Kxc6 1/2-1/2

[Event "Saint-Lô Open-1400 Pro Evolution Echecs"]
[Site "?"]
[Date "2014.07.10"]
[Round "8.1"]
[White "Cebron, Asja"]
[Black "Gallagher, Matthew"]
[Result "1-0"]
[WhiteElo "1379"]
[BlackElo "1357"]
[PlyCount "87"]
[SourceDate "2014.07.07"]

1. e4 d6 2. d4 Nf6 3. Nc3 g6 4. Nf3 Bg7 5. Bc4 O-O 6. O-O Nc6 7. Re1 e5 8. dxe5
Nxe5 9. Nxe5 dxe5 10. Qxd8 Rxd8 11. Bg5 Rd4 12. Rad1 c6 13. h3 b5 14. Bf1 Be6
15. a3 Rad8 16. f4 exf4 17. e5 Rxd1 18. Nxd1 Rd5 19. Bxf6 Bxf6 20. exf6 Rf5 21.
c4 a6 22. cxb5 cxb5 23. Nc3 Rxf6 24. Be2 Bf5 25. Bf3 Rd6 26. Rd1 Rb6 27. Nd5
Re6 28. Nxf4 Re8 29. Nd5 Kg7 30. Nc7 Rc8 31. Nxa6 Rc2 32. b4 Ra2 33. Nc7 Bc2
34. Rd2 Ra1+ 35. Kh2 Ba4 36. Rd3 Rc1 37. Nd5 Rc8 38. Nb6 Rb8 39. Nxa4 bxa4 40.
Bc6 Rb6 41. Bxa4 Ra6 42. Bc2 Rc6 43. Bb3 Rc1 44. Rd2 {au 55ème coup} 1-0

[Event "Saint-Lô Open-1400 Pro Evolution Echecs"]
[Site "?"]
[Date "2014.07.10"]
[Round "8.2"]
[White "Pontis, Stanislav"]
[Black "Lamy, Robin"]
[Result "1-0"]
[WhiteElo "1099"]
[BlackElo "1190"]
[PlyCount "59"]
[SourceDate "2014.07.07"]

1. c4 b6 2. Nc3 g6 3. d4 Bg7 4. Nf3 Bb7 5. e3 Nf6 6. Be2 O-O 7. O-O d5 8. b3
Re8 9. Bb2 e6 10. cxd5 Nxd5 11. Bb5 Nxc3 12. Bxc3 Rf8 13. Bb2 Re8 14. Bxe8 Qxe8
15. Rc1 Qd7 16. Ne5 Bxe5 17. dxe5 Qxd1 18. Rfxd1 Nc6 19. Ba3 Rc8 20. Rd7 Kg7
21. b4 Nxe5 22. Rcxc7 Rxc7 23. Rxc7 Bd5 24. Bb2 Kf6 25. f4 Bxa2 26. Bxe5+ Kf5
27. Rxa7 Bd5 28. Rxf7+ Kg4 29. h3+ Kh5 30. Rxh7# 1-0

[Event "Saint-Lô Open-1400 Pro Evolution Echecs"]
[Site "?"]
[Date "2014.07.10"]
[Round "8.3"]
[White "Viard, Matteo"]
[Black "Zinzen, Mathieu"]
[Result "1/2-1/2"]
[WhiteElo "1370"]
[BlackElo "1210"]
[PlyCount "41"]
[SourceDate "2014.07.07"]

1. e3 d5 2. d4 Nf6 3. c4 Bf5 4. Nc3 e6 5. a3 Nc6 6. Nf3 Bg4 7. c5 Ne7 8. Be2
Bxf3 9. Bxf3 Ng6 10. e4 Be7 11. e5 Nd7 12. Bh5 c6 13. f4 f6 14. Qg4 f5 15.
Bxg6+ hxg6 16. Qf3 Qc7 17. Qe3 Bh4+ 18. g3 Be7 19. b4 b6 20. cxb6 axb6 21. Bd2
1/2-1/2

[Event "Saint-Lô Open-1400 Pro Evolution Echecs"]
[Site "?"]
[Date "2014.07.10"]
[Round "8.4"]
[White "Gherghinoiu, Lucas"]
[Black "Hoch, Anna"]
[Result "1-0"]
[WhiteElo "1230"]
[BlackElo "1230"]
[PlyCount "129"]
[SourceDate "2014.07.07"]

1. e4 d6 2. d4 Nf6 3. Nc3 Nbd7 4. Nf3 c6 5. Bc4 h6 6. O-O Qc7 7. Re1 e5 8. d5
Be7 9. dxc6 bxc6 10. Be3 O-O 11. Ne2 a5 12. Ng3 Ba6 13. Bxa6 Rxa6 14. Qe2 Raa8
15. Nf5 Bd8 16. Rad1 Nxe4 17. Qd3 d5 18. c4 Ndf6 19. cxd5 cxd5 20. Rc1 Qd7 21.
Ng3 Nxg3 22. hxg3 Qe6 23. Bc5 Re8 24. Rxe5 Qd7 25. Rxe8+ Qxe8 26. Re1 Qc6 27.
Ba3 Rc8 28. Nd4 Qc7 29. b3 Ng4 30. Qf5 Nf6 31. Rc1 Qd7 32. Rxc8 Qe8 33. Ra8
Qe1+ 34. Kh2 Qe8 35. Qc8 Kh7 36. Qxd8 Ng4+ 37. Kh3 Nxf2+ 38. Kh4 g5+ 39. Kh5
Qxd8 40. Rxd8 Ne4 41. Kg4 Nf2+ 42. Kf3 Ne4 43. Rxd5 Nd2+ 44. Ke2 Ne4 45. Ke1
Nxg3 46. Rd7 Kg6 47. Bd6 Ne4 48. b4 axb4 49. Bxb4 Nf6 50. Rd6 Kg7 51. Rxf6 Kxf6
52. a4 Ke5 53. a5 Kxd4 54. a6 Kc4 55. Bd2 Kb5 56. a7 Kc5 57. a8=Q Kd6 58. Qa5
Kc6 59. Be3 Kd6 60. Qc5+ Ke6 61. Bd4 f6 62. Kd2 h5 63. Qc6+ Kf5 64. Ke3 h4 65.
Qe4# 1-0

[Event "Saint-Lô Open-1400 Pro Evolution Echecs"]
[Site "?"]
[Date "2014.07.10"]
[Round "8.6"]
[White "Pavee, Louis"]
[Black "Hofer, Jil"]
[Result "0-1"]
[WhiteElo "1230"]
[BlackElo "1387"]
[PlyCount "78"]
[SourceDate "2014.07.07"]

1. e4 c5 2. f4 d6 3. Nf3 Nc6 4. d3 Bg4 5. Be2 e6 6. h3 Bh5 7. g4 Bg6 8. Be3 h6
9. c3 Nge7 10. Nbd2 d5 11. exd5 Nxd5 12. Bf2 Nxf4 13. Qb3 Rb8 14. d4 cxd4 15.
Nxd4 Nxd4 16. Bxd4 b6 17. h4 Ng2+ 18. Kf1 Nxh4 19. Bb5+ Ke7 20. Rxh4 f6 21. Nc4
Kf7 22. Re1 Qc7 23. Bf2 Bd3+ 24. Kg1 Bc5 25. Rd1 Bxf2+ 26. Kxf2 Qf4+ 27. Kg2
Qe4+ 28. Kg3 Bc2 29. Qb4 Kg6 30. Rd4 Qe1+ 31. Kh3 Qh1+ 32. Kg3 Qg1+ 33. Kh3 h5
34. gxh5+ Kh6 35. Rd2 Bf5+ 36. Rg4 Qxg4+ 37. Kh2 Kxh5 38. Kh1 Kg6+ 39. Rh2 Be4#
0-1

[Event "Saint-Lô Open-1400 Pro Evolution Echecs"]
[Site "?"]
[Date "2014.07.11"]
[Round "9.1"]
[White "Gherghinoiu, Lucas"]
[Black "Cebron, Asja"]
[Result "0-1"]
[WhiteElo "1230"]
[BlackElo "1379"]
[PlyCount "124"]
[SourceDate "2014.07.07"]

1. e4 c5 2. Nf3 d6 3. Nc3 g6 4. d4 cxd4 5. Qxd4 Nf6 6. Bc4 Nc6 7. Bb5 a6 8.
Bxc6+ bxc6 9. Bg5 Bg7 10. Bxf6 Bxf6 11. Qd3 Bd7 12. O-O-O Qb6 13. Qd2 Rb8 14.
b3 Qb4 15. e5 Bg7 16. Na4 Qxd2+ 17. Rxd2 Bh6 18. Rhd1 Bxd2+ 19. Rxd2 d5 20. Nc5
Bc8 21. Nd4 Bd7 22. f4 a5 23. h3 h5 24. a4 e6 25. Kb2 Ke7 26. c3 Rhd8 27. Ka2
f6 28. Re2 fxe5 29. fxe5 Rf8 30. Ncxe6 Bxe6 31. Nxc6+ Kd7 32. Nxb8+ Rxb8 33.
Kb2 Rf8 34. Rd2 Ke7 35. Kc2 Rf5 36. Re2 Bd7 37. Kb2 Ke6 38. Ka2 g5 39. g3 Rxe5
40. Rxe5+ Kxe5 41. Kb2 Bxh3 42. Kc2 h4 43. gxh4 gxh4 44. Kd2 Bg4 45. Ke1 h3 46.
Kf2 d4 47. cxd4+ Kxd4 48. Kg3 Kc3 49. Kh2 Kxb3 50. Kg3 Kxa4 51. Kh2 Kb3 52. Kg3
a4 53. Kh2 a3 54. Kg3 a2 55. Kxg4 h2 56. Kg3 h1=Q 57. Kf4 a1=R 58. Ke3 Qe1+ 59.
Kf4 Ra8 60. Kg4 Rf8 61. Kh5 Qg1 62. Kh4 Rh8# 0-1

[Event "Saint-Lô Open-1400 Pro Evolution Echecs"]
[Site "?"]
[Date "2014.07.11"]
[Round "9.2"]
[White "Gallagher, Matthew"]
[Black "Ben Fraj, Hamza"]
[Result "1/2-1/2"]
[WhiteElo "1357"]
[BlackElo "1180"]
[PlyCount "97"]
[SourceDate "2014.07.07"]

1. c4 e5 2. g3 Nf6 3. Nc3 Nc6 4. Bg2 Bc5 5. Nf3 d6 6. d3 Be6 7. Bg5 d5 8. Qb3
Bb4 9. a3 Bxc3+ 10. Qxc3 d4 11. Qb3 Rb8 12. Nd2 Bd7 13. Ne4 h6 14. Nxf6+ gxf6
15. Bh4 Qe7 16. O-O Qe6 17. f4 b6 18. Bd5 Qd6 19. fxe5 fxe5 20. Rf6 Be6 21. Qb5
Kd7 22. Bxe6+ fxe6 23. Rf7+ Ke8 24. Re7+ Kf8 25. Rf1+ Kg8 26. Rff7 Nxe7 27.
Bxe7 c6 28. Bxd6 cxb5 29. Rd7 Rc8 30. Bxe5 Rh7 31. Rxd4 bxc4 32. Rxc4 Rxc4 33.
dxc4 Rf7 34. Bf4 Kg7 35. e4 Kg6 36. e5 h5 37. Kf2 Kf5 38. Ke3 Rd7 39. Ke2 Ke4
40. Be3 Kxe5 41. c5 bxc5 42. Bxc5 a6 43. b4 Kf5 44. a4 e5 45. a5 Rd8 46. Be7
Rd7 47. Bc5 Rd8 48. Be7 Rd5 49. Bc5 1/2-1/2

[Event "Saint-Lô Open-1400 Pro Evolution Echecs"]
[Site "?"]
[Date "2014.07.11"]
[Round "9.3"]
[White "Hofer, Jill"]
[Black "Pontis, Stanislav"]
[Result "0-1"]
[WhiteElo "1387"]
[BlackElo "1099"]
[PlyCount "160"]
[SourceDate "2014.07.07"]

1. d4 Nf6 2. c4 e6 3. Nc3 c5 4. e3 Be7 5. Nf3 O-O 6. Bd2 d5 7. dxc5 dxc4 8.
Bxc4 Bxc5 9. O-O Qc7 10. Nb5 Qe7 11. Nc3 b6 12. e4 Bb7 13. e5 Nd5 14. Bg5 Qd7
15. Nb5 a6 16. Bxd5 exd5 17. Nbd4 h6 18. Bh4 Nc6 19. Re1 Qg4 20. Nxc6 Bxc6 21.
h3 Qd7 22. Nd4 Bb4 23. Re3 Bc5 24. Rg3 f5 25. exf6 g5 26. Qh5 Bxd4 27. Qg6+ Kh8
28. Qxh6+ Qh7 29. Bxg5 Qxh6 30. Bxh6 Bxf2+ 31. Kxf2 Rxf6+ 32. Ke3 Rxh6 33. Kd4
Rh4+ 34. Kd3 Bb5+ 35. Kd2 Rd4+ 36. Ke3 Rd3+ 37. Kf2 Rf8+ 38. Rf3 Rg8 39. Rf4
Rd2+ 40. Ke3 Rgxg2 41. Rh4+ Kg7 42. Rg4+ Rxg4 43. Kxd2 Rg2+ 44. Kc3 Rg3+ 45.
Kd4 Rd3+ 46. Ke5 d4 47. Rg1+ Kf7 48. h4 Rd2 49. h5 d3 50. h6 Re2+ 51. Kd4 Rh2
52. Rf1+ Kg6 53. Rf8 d2 54. Rg8+ Kh7 55. Rg1 Be2 56. Kd5 d1=Q+ 57. Rxd1 Bxd1
58. Kc6 Rxb2 59. Kb7 a5 60. a3 b5 61. Kb6 b4 62. a4 Bxa4 63. Kxa5 Bc2 64. Kb5
b3 65. Kc4 Rb1 66. Kc3 Kxh6 67. Kb4 Kg5 68. Kc3 Kf4 69. Kb4 Ke3 70. Kc3 Ke2 71.
Kb4 Kd3 72. Ka3 Kc3 73. Ka4 Bd3 74. Ka5 Ra1+ 75. Kb6 b2 76. Kc6 b1=Q 77. Kd5
Ra5+ 78. Kc6 Qb5+ 79. Kc7 Ra7+ 80. Kd8 Qd7# 0-1

[Event "Saint-Lô Open-1400 Pro Evolution Echecs"]
[Site "?"]
[Date "2014.07.11"]
[Round "9.4"]
[White "Oudoire, Gatien"]
[Black "Viard, Matteo"]
[Result "1/2-1/2"]
[WhiteElo "1210"]
[BlackElo "1370"]
[PlyCount "75"]
[SourceDate "2014.07.07"]

1. e4 e6 2. d3 d5 3. Qe2 Be7 4. Nf3 Nc6 5. g3 b6 6. Bg2 Nf6 7. O-O e5 8. c4 d4
9. a3 Bg4 10. Nbd2 Qd7 11. Rb1 Bh3 12. Ng5 Bg4 13. f3 Ng8 14. Nxf7 Kxf7 15.
fxg4+ Ke8 16. Qf3 Qe6 17. g5 Nd8 18. Nb3 h6 19. Qh5+ g6 20. Qh4 Nf7 21. Bh3 Qd6
22. Bd2 hxg5 23. Qg4 Ngh6 24. Qf3 a5 25. Nc1 Rf8 26. b4 Nd8 27. Qe2 Rxf1+ 28.
Qxf1 Qf6 29. Qg2 axb4 30. axb4 Ndf7 31. Nb3 g4 32. Rf1 gxh3 33. Qxh3 Qg7 34.
Qe6 Ra2 35. Bxh6 Nxh6 36. Qc8+ Bd8 37. Qe6+ Qe7 38. Qxg6+ 1/2-1/2

[Event "Saint-Lô Open-1400 Pro Evolution Echecs"]
[Site "?"]
[Date "2014.07.11"]
[Round "9.5"]
[White "Debord, Nino"]
[Black "Cotte, Corentin"]
[Result "1-0"]
[WhiteElo "1190"]
[BlackElo "1300"]
[PlyCount "83"]
[SourceDate "2014.07.07"]

1. Nf3 Nc6 2. d4 d5 3. c4 Nf6 4. cxd5 Nxd5 5. e4 Nf6 6. Nc3 Bg4 7. d5 Nd4 8.
Qxd4 Bxf3 9. gxf3 e6 10. Bg5 Be7 11. Bxf6 Bxf6 12. e5 Bg5 13. f4 Bh6 14. O-O-O
O-O 15. Qe3 Qh4 16. Rd4 Rad8 17. Qg3 Qe7 18. Rg1 exd5 19. Qh3 Qe6 20. Qxe6 fxe6
21. Ne2 Rf5 22. Kc2 Rd7 23. Bh3 Rh5 24. Bxe6+ Kf8 25. Bxd7 Rxh2 26. Kd3 Rxf2
27. Rxd5 Rf3+ 28. Ke4 Rf2 29. Ke3 Rh2 30. e6 Rh3+ 31. Rg3 Bxf4+ 32. Kxf4 g5+
33. Rgxg5 Rh4+ 34. Kf5 Rh2 35. Nf4 c5 36. Rxc5 b5 37. Rc8+ Ke7 38. Rg7+ Kd6 39.
Bxb5 Rh5+ 40. Nxh5 a6 41. Bd7 a5 42. Nf4 1-0

[Event "Saint-Lô Open-1400 Pro Evolution Echecs"]
[Site "?"]
[Date "2014.07.11"]
[Round "10.1"]
[White "Lamy, Robin"]
[Black "Cebron, Asja"]
[Result "0-1"]
[WhiteElo "1190"]
[BlackElo "1379"]
[PlyCount "124"]
[SourceDate "2014.07.07"]

1. e4 c5 2. Nf3 d6 3. Bc4 Nc6 4. O-O Nf6 5. Nc3 Bg4 6. h3 Bh5 7. d3 Nd4 8. Be3
Nxf3+ 9. gxf3 h6 10. Re1 e6 11. Kf1 Be7 12. d4 cxd4 13. Bxd4 e5 14. Be3 O-O 15.
Nd5 Nxd5 16. Bxd5 Qd7 17. Kg2 Kh8 18. Kh2 f5 19. exf5 Rxf5 20. Kg3 Raf8 21. c4
Bd8 22. Be4 R5f7 23. Qd5 Qe7 24. Kg2 Qf6 25. c5 Bxf3+ 26. Bxf3 Qxf3+ 27. Qxf3
Rxf3 28. cxd6 R3f7 29. Bxa7 b6 30. Bb8 Rxf2+ 31. Kg1 Rxb2 32. Rxe5 Bf6 33. Rf5
Rxb8 34. Rd1 Rd8 35. a4 Rd7 36. a5 bxa5 37. Rxa5 Rb6 38. Rad5 Bg5 39. R1d4 Be3+
40. Kg2 Bxd4 41. Rxd4 Rbxd6 42. Re4 Rd3 43. h4 Rc7 44. Re2 Kh7 45. h5 Rc5 46.
Kf1 Rxh5 47. Rg2 Rf5+ 48. Kg1 Rg5 49. Rxg5 hxg5 50. Kg2 Kg6 51. Kf2 Kf5 52. Ke2
Ra3 53. Kd2 Ke4 54. Kc2 Kd4 55. Kb2 Rh3 56. Ka2 Kc4 57. Kb2 Rg3 58. Ka2 Kb4 59.
Kb2 Rg2+ 60. Kb1 Kc3 61. Ka1 Kb3 62. Kb1 Rg1# 0-1

[Event "Saint-Lô Open-1400 Pro Evolution Echecs"]
[Site "?"]
[Date "2014.07.11"]
[Round "10.2"]
[White "Pontis, Stanislav"]
[Black "Debord, Nino"]
[Result "1/2-1/2"]
[WhiteElo "1099"]
[BlackElo "1190"]
[PlyCount "97"]
[SourceDate "2014.07.07"]

1. c4 Nf6 2. Nc3 e6 3. g3 d5 4. cxd5 exd5 5. d4 Bb4 6. Qa4+ Nc6 7. Qc2 Nxd4 8.
Qd1 Nc6 9. Bg2 Bf5 10. e3 Ne4 11. Nge2 Bg4 12. Bxe4 Bxc3+ 13. bxc3 dxe4 14. Qc2
Qd3 15. Qxd3 exd3 16. Nf4 O-O-O 17. Rf1 d2+ 18. Bxd2 g5 19. Ne2 Ne5 20. f4 Nf3+
21. Rxf3 Bxf3 22. Nd4 Bd5 23. fxg5 c5 24. Nf5 Rd7 25. a3 Kc7 26. Rc1 c4 27. Nd4
Rf8 28. Nb5+ Kb6 29. Rb1 Rfd8 30. Rb2 a5 31. Nd4+ Ka6 32. e4 Bxe4 33. Be3 Rd5
34. Ne2 Rb5 35. Rd2 Rxd2 36. Bxd2 Kb6 37. Kf2 Bd3 38. Nd4 Rd5 39. Be3 Kc7 40.
Bf4+ Kd7 41. Nf3 b5 42. Ne5+ Rxe5 43. Bxe5 b4 44. axb4 a4 45. Bf4 a3 46. Bc1 a2
47. Bb2 Kc6 48. Ke3 Kb5 49. Kd2 1/2-1/2

[Event "Saint-Lô Open-1400 Pro Evolution Echecs"]
[Site "?"]
[Date "2014.07.11"]
[Round "10.3"]
[White "Viard, Matteo"]
[Black "Gallagher, Matthew"]
[Result "0-1"]
[WhiteElo "1370"]
[BlackElo "1357"]
[PlyCount "110"]
[SourceDate "2014.07.07"]

1. e3 d5 2. d4 e6 3. c4 Nf6 4. Nc3 c5 5. Nf3 Nc6 6. Bd2 dxc4 7. Bxc4 cxd4 8.
exd4 Nxd4 9. Nxd4 Qxd4 10. Bb5+ Bd7 11. Bxd7+ Qxd7 12. Rc1 Bb4 13. a3 Ba5 14.
O-O O-O 15. Nb1 Bxd2 16. Qxd2 Qxd2 17. Nxd2 Rac8 18. Nc4 Rfd8 19. Ne3 Kf8 20.
Rc2 Rxc2 21. Nxc2 Rc8 22. Ne3 Ke7 23. f4 Rc5 24. f5 Nd5 25. Ng4 Nf6 26. Ne3 Re5
27. Rf3 Nd5 28. Kf2 Rxe3 29. Rxe3 Nxe3 30. Kxe3 exf5 31. Kf4 Kf6 32. b4 g5+ 33.
Kf3 Ke5 34. b5 Kd4 35. b6 axb6 36. g4 f4 37. h3 Kc3 38. h4 f6 39. a4 Kb4 40. a5
bxa5 41. Ke4 h6 42. Kf3 a4 43. Ke2 a3 44. Kf3 a2 45. Ke4 a1=Q 46. Kf5 Qa5+ 47.
Ke4 Kc3 48. Kf3 b5 49. Ke2 b4 50. Kd1 b3 51. Ke2 b2 52. Kf2 b1=Q 53. Ke2 Qd3+
54. Ke1 Qd2+ 55. Kf1 Qa1# 0-1